00804nam a2200193 a 4500001001000000003000900010005001700019007000300036008004100039040002500080082001600105111015400121245013500275260006200410300002000472490003000492500001700522500007100539000015839DO-SdBNP20221003114421.0ta100219s1956 xxu 001 0 spa d aDO-SdBNPbspacBNPHU axxxxbC748e2 aConferencia Especializada Interamericana sobre preservación de los recursos naturalesn(15 -28, marzod1956 :cSanto Domingo, Dominica República)10aConferencia especializada Interamericana sobre preservación de los recursos naturales :bplataforma submarina y aguas del mar. / aWashington, Estados Unidos :bUnión Panamericanac1956. a40 p. ;c27 cm.1 aConferencias y Organismos aActa final.  aDivisión de conferencias y organismos. Departamento Jurídico.